| 000 | 00970nam a2200253 a 4500 | ||
|---|---|---|---|
| 001 | 000022970 | ||
| 005 | 20200930021913.0 | ||
| 008 | 101123s1986 mx r 000 0 spa d | ||
| 020 | _a9686642285 | ||
| 040 |
_aDO-SdBNP _bspa _cBNPHU |
||
| 041 | 1 | 7 |
_aspa _heng _2Código de idiomas MARC |
| 082 |
_annnn _bF236r |
||
| 100 | 1 |
_aFarnsworth, David N., _947239 |
|
| 240 | 1 | 0 |
_aU.D.-Panama relations, 1903-1978. _lEspañol. |
| 245 | 1 | 4 |
_aLas relaciones Estados Unidos-Panamá / _cDavid N. Farnsworth, James W. McKenney ; traducción de José Luis González. |
| 260 |
_aMéxico : _bGernika, _c1986. |
||
| 300 |
_a322 p. ; _c21 cm. |
||
| 490 | 1 |
_aUn estudio político _v9 |
|
| 504 | _aIncluye referencias bibliográficas y notas al pie de las páginas. | ||
| 534 |
_pTítulo original en inglés: _tU.D.-Panama relations, 1903-1978. _cWestview, 1983 _z0865319693 |
||
| 700 | 1 |
_aGonzález, José Luis, _etr. _95327 |
|
| 830 | 0 |
_aUn estudio político ; _v9 _947240 |
|
| 049 | _aBNGR | ||
| 999 |
_c22467 _d22467 |
||